Govt. of
Madhya Pradesh

Anne of Green Gables (Record no. 68422)

MARC details
000 -LEADER
fixed length control field 00208nam a22000977a 4500
082 ## - DEWEY DECIMAL CLASSIFICATION NUMBER
Classification number 741.642
245 ## - TITLE STATEMENT
Title Anne of Green Gables
260 ## - PUBLICATION, DISTRIBUTION, ETC. (IMPRINT)
Place of publication Delhi
Name of publisher Dolphin Book
Year of publication 2017
650 ## - SUBJECT ADDED ENTRY--TOPICAL TERM
Topical Term children book
942 ## - ADDED ENTRY ELEMENTS (KOHA)
Koha item type Books
Holdings
Withdrawn status Lost status Damaged status Not for loan Home library Current library Date acquired Cost, normal purchase price Full call number Accession Number Price effective from Koha item type
        MACL MACL 09/11/2025 450.00 741.642 CRE001909 09/11/2025 Books